Aeneid Franchise - Statistics

General Stats
  • This quiz has been taken 25 times
  • The average score is 3 of 23
Answer Stats
Type Year Name Info % Correct
Poem 29 B.C.-19 B.C. Aeneid Virgil
95%
Opera 1688 Dido and Aeneas Henry Purcell
21%
Opera 1693 Didon Henri Desmarets
16%
Opera 1783 Didon Niccolò Piccinni
16%
Film 1962 The Avenger Mercury Films / La Societe des Films / Sirius / CICC / Avala Film
16%
Sculpture 1618-1619 Aeneas, Anchises, and Ascanius Gian Lorenzo Bernini
11%
Painting 1815 Dido Building Carthage, or The Rise of the Carthaginian Empire J. M. W. Turner
11%
Opera 1641 Didone Francesco Cavalli
11%
Play 1593 Dido, Queen of Carthage Christopher Marlowe / Thomas Nashe
11%
Opera 1792 Dido, Queen of Carthage Stephen Storace
11%
Novel 2008 Lavinia Ursula K. Le Guin
11%
Opera 1858 Les Troyens Hector Berlioz
11%
Painting 1834 The Golden Bough J. M. W. Turner
11%
Opera 1687 Achille et Polyxène Jean-Baptiste Lully
5%
Novel 1751 Amelia Henry Fielding
5%
Opera 1724 Didone Abbandonata Domenico Sarro
5%
Opera 1724 Didone Abbandonata Tomaso Albioni
5%
Opera 1726 Didone Abbandonata Leonardo Vinci
5%
Opera 1762 Didone Abbandonata Giuseppe Sarti
5%
Painting 1689 Landscape with Ascanius Shooting the Stag of Sylvia Claude Lorrain
5%
Poem 1160 Roman d'Enéas Anonymous
5%
Painting 1660-1665 The Dream of Aeneas Salvator Rosa
5%
Poem 1729 The Dunciad Alexander Pope
5%
No matching quizzes found
Score Distribution
Percent of People with Each Score
Percentile by Number Answered
Your Score History
You have not taken this quiz